000 005780000a22001090004500
100 1 _aZewdie, Negussie
245 1 0 _aLos practicantes de defensoría de derechos
300 _aVol.0, núm.66 (Mayo, 2006), Página 11
520 _aMuchas personas que sufren injusticias se sienten incapaces de ponerse en acción. El departamento de defensoría de derechos en la Iglesia Kale Heywet de Etiopía ha estado capacitando a los líderes de la iglesia como practicantes de defensoría de derechos para apoyar a la gente cuando sufre injusticias.
773 0 _tPaso a Paso
942 _cANA
999 _c61520
_d61520